00249nam a2200109Ia 4500008004100000100001300041245002600054260002100080650001400101942000700115999001700122190216s9999||||xx |||||||||||||| ||und|| aGlinka N 0aSamanya Resathanthram bBhasha Institute aChemistry cBK c38294d38294